000 00307nam a2200133Ia 4500
008 240624s9999 xx 000 0 und d
041 _aeng
082 _a823 STE
100 _aSTEEL DANIELLE
245 _aWANDERLUST
260 _c1986
_aGreat Britain
_bTime Warner
300 _a436p. ; 18cm.
365 _cBPS
999 _c3994
_d3994